00732nam a2200169 a 4500003000200000005001700002008004100019050002800060100002800088245015600116260009000272300002300362504004100385650005200426650004300478650004100521020250307100922.0101013s19uu xx 00 eng d aPHS DS 682.4b.B85 2010 aBugayon, Matthew James. aThe implementation and effectiveness of the benevolent assimilation policy in the Philippines by the United States of America /cMatthew James Bugayon. aLas Piñas City, Philippines :bSouthville International School and Colleges,c2010. a25 pages ;c30 cm. aIncludes bibliographical references. aBenevolent Assimilation Policy (United States). aAmericanizationzPhilippinesxHistory. aImperialismzUnited StatesxHistory.